<?xml version='1.0' encoding='UTF-8'?>
  <record xmlns="http://www.loc.gov/MARC21/slim">
    <leader>00000cam a2200000 i 4500</leader>
    <controlfield tag="001">ocm65540742</controlfield>
    <controlfield tag="003">OCoLC</controlfield>
    <controlfield tag="005">20240409044438.6</controlfield>
    <controlfield tag="008">900417s1689    ne            000 0 dut d</controlfield>
    <datafield tag="040" ind1=" " ind2=" ">
      <subfield code="a">NLGGC</subfield>
      <subfield code="b">dut</subfield>
      <subfield code="e">fobidrtb</subfield>
      <subfield code="c">NLGGC</subfield>
      <subfield code="d">OCLCQ</subfield>
    </datafield>
    <datafield tag="029" ind1="0" ind2=" ">
      <subfield code="a">NLGGC</subfield>
      <subfield code="b">082976368</subfield>
    </datafield>
    <datafield tag="035" ind1=" " ind2=" ">
      <subfield code="a">(OCoLC)65540742</subfield>
    </datafield>
    <datafield tag="041" ind1="1" ind2=" ">
      <subfield code="a">dut</subfield>
      <subfield code="h">eng</subfield>
    </datafield>
    <datafield tag="072" ind1=" " ind2="7">
      <subfield code="a">i</subfield>
      <subfield code="2">odfysin</subfield>
    </datafield>
    <datafield tag="072" ind1=" " ind2="7">
      <subfield code="a">x</subfield>
      <subfield code="2">odfysin</subfield>
    </datafield>
    <datafield tag="245" ind1="0" ind2="4">
      <subfield code="a">Een verhaal van de redenen die den koning van Engeland, Karel den Tweeden, bewogen hebben om den oorlog te declareren tegen de Staaten Generaal der Vereenigde Provincien, in den jare 1672. En van de heimelyke alliancie, welke hy ter zelver tijd met den Franschen koning maakte, om het pausdom in te voeren en vast te stellen in Engeland, Schotland en Ierland. /</subfield>
      <subfield code="c">Uyt het Engels vertaald.</subfield>
    </datafield>
    <datafield tag="260" ind1=" " ind2=" ">
      <subfield code="a">t'Amsterdam, :</subfield>
      <subfield code="b">by de weduwe van Steven Swart ...,</subfield>
      <subfield code="c">1689.</subfield>
    </datafield>
    <datafield tag="300" ind1=" " ind2=" ">
      <subfield code="a">12 p. ;</subfield>
      <subfield code="c">in-4.</subfield>
    </datafield>
    <datafield tag="336" ind1=" " ind2=" ">
      <subfield code="a">tekst</subfield>
      <subfield code="b">txt</subfield>
      <subfield code="2">rdacontent/dut</subfield>
    </datafield>
    <datafield tag="337" ind1=" " ind2=" ">
      <subfield code="a">zonder medium</subfield>
      <subfield code="b">n</subfield>
      <subfield code="2">rdamedia/dut</subfield>
    </datafield>
    <datafield tag="338" ind1=" " ind2=" ">
      <subfield code="a">band</subfield>
      <subfield code="b">nc</subfield>
      <subfield code="2">rdacarrier/dut</subfield>
    </datafield>
    <datafield tag="500" ind1=" " ind2=" ">
      <subfield code="a">Collatieformule: A 4 B 2.</subfield>
    </datafield>
    <datafield tag="510" ind1="0" ind2=" ">
      <subfield code="a">Knuttel 13216</subfield>
    </datafield>
    <datafield tag="510" ind1="0" ind2=" ">
      <subfield code="a">Hoftijzer B 109</subfield>
    </datafield>
    <datafield tag="530" ind1=" " ind2=" ">
      <subfield code="a">Titel is geselecteerd voor digitalisering voor de Universiteit van Amsterdam in het kader van het Google Books-project.</subfield>
    </datafield>
    <datafield tag="600" ind1="0" ind2="7">
      <subfield code="a">Charles</subfield>
      <subfield code="b">II,</subfield>
      <subfield code="c">koning van Groot-Brittannië,</subfield>
      <subfield code="d">1630-1685.</subfield>
      <subfield code="2">local</subfield>
      <subfield code="0">(NL-LeOCL)070394695</subfield>
    </datafield>
    <datafield tag="700" ind1="1" ind2=" ">
      <subfield code="a">Swart, Steven</subfield>
      <subfield code="c">wed.</subfield>
      <subfield code="c">Amsterdam.</subfield>
      <subfield code="4">prt</subfield>
      <subfield code="0">(NL-LeOCL)077156293</subfield>
    </datafield>
    <datafield tag="776" ind1="0" ind2=" ">
      <subfield code="t">Een verhaal van de redenen die den koning van Engeland, Karel den Tweeden, bewogen hebben om den oorlog te declareren tegen de Staaten Generaal der Vereenigde Provincien, in den jare 1672. En van de heimelyke alliancie, welke hy ter zelver tijd met den Franschen koning maakte, om het pausdom in te voeren en vast te stellen in Engeland, Schotland en Ierland.</subfield>
      <subfield code="w">(NL-LeOCL)336751214</subfield>
    </datafield>
    <datafield tag="776" ind1="0" ind2=" ">
      <subfield code="t">Een verhaal van de redenen die den koning van Engeland, Karel den Tweeden, bewogen hebben om den oorlog te declareren tegen de Staaten Generaal der Vereenigde Provincien, in den jare 1672. En van de heimelyke alliancie, welke hy ter zelver tijd met den Franschen koning maakte, om het pausdom in te voeren en vast te stellen in Engeland, Schotland en Ierland.</subfield>
      <subfield code="w">(NL-LeOCL)406967156</subfield>
    </datafield>
    <datafield tag="776" ind1="0" ind2=" ">
      <subfield code="t">Een verhaal van de redenen die den koning van Engeland, Karel den Tweeden, bewogen hebben om den oorlog te declareren tegen de Staaten Generaal der Vereenigde Provincien, in den jare 1672. En van de heimelyke alliancie, welke hy ter zelver tijd met den Franschen koning maakte, om het pausdom in te voeren en vast te stellen in Engeland, Schotland en Ierland.</subfield>
      <subfield code="w">(NL-LeOCL)406967164</subfield>
    </datafield>
    <datafield tag="856" ind1="4" ind2="2">
      <subfield code="y">Short Title Catalogue, Netherlands</subfield>
      <subfield code="u">http://resolver.kb.nl/resolve?urn=STCN:842864148:record</subfield>
      <subfield code="z">zie de oorspronkelijke beschrijving bij de STCN voor mogelijk overige vindplaatsen</subfield>
      <subfield code="7">0</subfield>
    </datafield>
    <datafield tag="936" ind1=" " ind2=" ">
      <subfield code="a">BATCHLOAD</subfield>
    </datafield>
  </record>